00627nam a2200145Ia 4500008004100000020001800041100002500059245010300084260002700187650010400214650001200318856004200330999001900372952009000391171212s9999 xx 000 0 und d a9780833033307 aLambeth, Benjamin S. cLambeth, Benjamin S.aMastering the Ultimate High Ground: Next Steps in the Military Uses of Space bRAND Corporationc2003 aAstronautics, Military -- United States; United States. Air Force; United States -- Military policy aHistory uwww.jstor.org/stable/10.7249/mr1649af c352301d352301 001040aCLbCLd2017-12-12l0oUG1523.L35 2003r2017-12-12 00:00:00w2017-12-12yCBE